| 000 -LEADER |
| fixed length control field |
01350pab a2200169 454500 |
| 008 - FIXED-LENGTH DATA ELEMENTS--GENERAL INFORMATION |
| fixed length control field |
180718b2004 xxu||||| |||| 00| 0 eng d |
| 100 ## - MAIN ENTRY--PERSONAL NAME |
| Personal name |
Naib, Sudhir |
| 245 ## - TITLE STATEMENT |
| Title |
Ownership, competition and efficiency: new evidence in Indian context |
| 260 ## - PUBLICATION, DISTRIBUTION, ETC. |
| Date of publication, distribution, etc. |
2004 |
| 300 ## - PHYSICAL DESCRIPTION |
| Extent |
p.2029-035. |
| 362 ## - DATES OF PUBLICATION AND/OR SEQUENTIAL DESIGNATION |
| Dates of publication and/or sequential designation |
15 May |
| 520 ## - SUMMARY, ETC. |
| Summary, etc. |
One of the main reasons for the present drive towards privatisation is a general belief that change in ownership and competition will lead to efficiency in state owned enterprises (SOEs). This paper attempts to assess the impact of ownership and competition on efficiency of firms. To study the effect of ownership, efficiency of some Indian SOEs is compared (to the extent possible) with comparable private sector firms. To study the effect of competition, the efficiency of SOEs operating under a monopoly structure is compared with SOEs operating under a competitive market environment. Results show that, at the enterprise level, there is little empirical justification for a general presumption in favour of either type of ownership. Further, the empirical study results indicate that more than ownership, it is the degree of competition that affects the performance of an enterprise. - Reproduced. |
| 650 ## - SUBJECT ADDED ENTRY--TOPICAL TERM |
| Topical term or geographic name entry element |
Privatization - India |
| 650 ## - SUBJECT ADDED ENTRY--TOPICAL TERM |
| Topical term or geographic name entry element |
Privatization |
| 773 ## - HOST ITEM ENTRY |
| Main entry heading |
Economic and Political Weekly |
| 909 ## - |
| -- |
60398 |